| 000 | 00587nam a2200229 a 4500 | ||
|---|---|---|---|
| 999 |
_c5497 _d5497 |
||
| 001 | 5497 | ||
| 003 | BD-JhCC | ||
| 005 | 20180325131632.0 | ||
| 008 | 171217s1963 E a|||| ||a| 000 0 eng d | ||
| 035 | _a(BD-JhCC) 5497 | ||
| 040 |
_aBD-JhCC _dBD-JhCC |
||
| 041 | _aeng | ||
| 082 |
_a500 _bMUR 1963 |
||
| 100 | _aMurphy, John Stewar | ||
| 245 |
_aHow they were built-dams / _c John Stewar Murphy |
||
| 260 |
_aLondon : _bLondon OXFORD UNIVERSITY PRESS , _c1963 |
||
| 300 |
_a32 p .: _c25 cm . |
||
| 650 | _aScience | ||
| 700 | _aCharles Keeping | ||
| 942 |
_2ddc _cBK |
||